00650nam a2200229 a 4500001001300000003000900013005001700022008004100039020002600080082001300106100001500119245002600134260003400160300001000194500003500204650002000239700001500259902000800274942000700282952011400289999001700403nice12345678IN_TiNIC20260116014904.0131001s2005 lona grp 000 0 eng  a9780141441085c338.2500a823bWEL aWells, H G aFirst Men in the Moon aLondon bPenguin Books c2005 a203p  aincludes index and biblioraphy aFiction-English1 aWells, H G bSRS cBK 001040708StackRoom-aHMIbHMId2013-10-01g338.25l0o823 WELp024102r2013-10-01v338.25w2013-10-01yBK c17417d17417